000 00363nam a22001697a 4500
003 UA-OsUOA
001 2310
007 ta
008 20050721b un ||||| |||| 00| 0 ukr d
100 _aRosemoor
700 _aPatricia
942 _cBK
040 _aUA-OsUOA
_cUA-OsUOA
_dUA-OsUOA
245 _aSee me in your dreams.
_bLove story
955 _a2
650 7 _2UDC
999 _c288472
_d288472